Opening up the World through books (Record no. 52637)

MARC details
000 -LEADER
fixed length control field 00499nam a2200133 a 4500
008 - FIXED-LENGTH DATA ELEMENTS--GENERAL INFORMATION
fixed length control field 120416s2001 ||||||||||||||||| || u
050 ## - LIBRARY OF CONGRESS CALL NUMBER
Classification number BOOKAID(058)AR/2000-1
245 10 - TITLE STATEMENT
Title Opening up the World through books
246 ## - VARYING FORM OF TITLE
Title proper/short title annual review 2000-2001
260 ## - PUBLICATION, DISTRIBUTION, ETC.
Place of publication, distribution, etc. London
Name of publisher, distributor, etc. Book Aid International
Date of publication, distribution, etc. 2001
300 ## - PHYSICAL DESCRIPTION
Extent 13p. : ill.
350 ## - PRICE (NR) (BK AM CF MU VM SE) [OBSOLETE]
Price 0.00
995 ## - RECOMMENDATION 995 [LOCAL, UNIMARC FRANCE]
-- 0.00
-- CBU-MAIN LIBRARY (Kitwe)
-- 1
-- 0.00
-- 1
-- AVAILABLE
-- International Publications
Holdings
Withdrawn status Lost status Source of classification or shelving scheme Damaged status Not for loan Home library Current library Shelving location Date acquired Total Checkouts Full call number Barcode Date last seen Price effective from Koha item type
          CBU-MAIN LIBRARY, KITWE. CBU-MAIN LIBRARY, KITWE.   11/30/2022   BOOKAID(058)AR/2000-1 9019158 11/30/2022 11/30/2022 MONOGRAPH